Adiós, padre... Adiós!

Guardat en:
Dades bibliogràfiques
Autor principal: Skinner Zavala, Enrique (Autor)
Format: Llibre
Idioma:espanyol
Publicat: Valparaíso Ediciones Universitarias de Valparaíso 1977
Edició:1a. ed
Col·lecció:Colección Narrativa
Matèries:
Etiquetes: Afegir etiqueta
Sense etiquetes, Sigues el primer a etiquetar aquest registre!

MARC

LEADER 00000nam a2200000 a 4500
001 UCJ4717
003 CL-VaPUC
005 20230110074245.0
008 070124e19770000CL |||||||||||||||||spa|d
651 0 |a Valparaíso, Chile  |9 261144 
999 |c 320833  |d 320831 
040 |c Pontificia Universidad Católica de Valparaíso 
082 0 4 |a Ch863  |b SKI  |2 21 
100 0 |a Skinner Zavala, Enrique  |e author  |9 508903 
245 1 0 |a Adiós, padre... Adiós! 
246 1 0 |a Cruzar el puente 
246 1 0 |a Por llenar el estómago 
246 1 3 |a El cerco 
246 1 0 |a Entre dos frascos, el amor 
246 1 0 |a Pequeña historia de un gran club 
246 1 0 |a Variaciones de un alma sola 
246 1 3 |a Un festín por todo lo alto 
250 |a 1a. ed 
260 |a Valparaíso  |b Ediciones Universitarias de Valparaíso  |c 1977 
490 0 |a Colección Narrativa 
500 |a Prólogo de Carlos León 
583 |a last modification  |c 20070124 00:00:00  |k Rodrigo Vera 
600 |a León Alvarado, Carlos  |d 1916-1988  |9 860413 
610 |a EDICIONES UNIVERSITARIAS DE VALPARAISO  |9 860414 
650 0 |a Cuento chileno  |9 352824 
650 7 |a MEMORIAS  |2 CL-VaPUC  |9 269159 
650 0 |a Crítica literaria   |9 269189 
942 |c BK  |2 ddc 
945 |d 20070124 00:00:00  |a rinostro 
952 |0 0  |1 0  |4 0  |6 CH_863_000000000000000_SKI_1977  |7 0  |8 X  |9 399438  |a FDOBUD  |b FDOBUD  |d 2019-11-22  |i 1024957  |o Ch863 SKI 1977  |p 1024957  |r 2019-11-22  |w 2019-11-22  |y BK_X  |k BUD